[Event "Lazy Baltic Pearl op-A 20th"]
[Site "Lazy"]
[Date "2024.07.01"]
[Round "8"]
[White "Musial, Patryk"]
[Black "Chmiel, Piotr"]
[Result "1-0"]
[WhiteElo "1786"]
[BlackElo "1888"]
[PlyCount "68"]
[EventDate "2024.06.24"]
[EventType "swiss"]
[EventRounds "9"]
[EventCountry "POL"]
[SourceTitle "CBM 220 Extra"]
[Source "ChessBase"]
[SourceDate "2024.07.31"]
[SourceVersion "1"]
[SourceVersionDate "2024.07.31"]
[SourceQuality "1"]

1. d4 e6 2. c4 c5 3. d5 exd5 4. cxd5 d6 5. Nc3 g6 6. Nf3 Bg7 7. Nd2 Nf6 8. e4 0-0 9. Be2 Re8 10. 0-0 a6 11. a4 Nbd7 12. h3 Rb8 13. a5 b5 14. axb6 Qxb6 15. Nc4 Qc7 16. Bf4 Bf8 17. Qc2 Nb6 18. Na5 Ra8 19. Rfe1 Nfd7 20. Bg3 Bg7 21. f4 c4 22. Kh2 Nc5 23. Bf1 Nd3 24. Bxd3 cxd3 25. Qxd3 Bd7 26. Bf2 f5 27. e5 dxe5 28. d6 Qb8 29. fxe5 Be6 30. Qd4 Nd7 31. Nd5 Nxe5 32. Rxe5 Qxd6 33. Nf6+ Bxf6 34. Qxd6 Bg7 1-0

[Event "Lazy Baltic Pearl op-A 20th"]
[Site "Lazy"]
[Date "2024.06.25"]
[Round "2"]
[White "Chmiel, Piotr"]
[Black "Gajec, Roza"]
[Result "1-0"]
[WhiteElo "1888"]
[BlackElo "1772"]
[PlyCount "57"]
[EventDate "2024.06.24"]
[EventType "swiss"]
[EventRounds "9"]
[EventCountry "POL"]
[SourceTitle "CBM 220 Extra"]
[Source "ChessBase"]
[SourceDate "2024.07.31"]
[SourceVersion "1"]
[SourceVersionDate "2024.07.31"]
[SourceQuality "1"]

1. Nf3 Nf6 2. g3 d5 3. Bg2 c5 4. 0-0 Nc6 5. d4 e6 6. Bg5 h6 7. Bxf6 Qxf6 8. c3 Bd6 9. dxc5 Bxc5 10. Nbd2 0-0 11. e4 dxe4 12. Nxe4 Qe7 13. Nxc5 Qxc5 14. Qe2 Re8 15. Rfd1 Qe7 16. Rd2 e5 17. Rad1 Rb8 18. Qb5 e4 19. Nd4 Bd7 20. Nf5 Bxf5 21. Qxf5 e3 22. Rd7 exf2+ 23. Qxf2 Qe6 24. b3 Rbd8 25. Bxc6 Rxd7 26. Bxd7 Qe3 27. Bxe8 Qxe8 28. Re1 Qc6 29. Qe3 1-0

[Event "Gora Sw Anny op 9th"]
[Site "Gora Sw Anny"]
[Date "2016.02.05"]
[Round "6"]
[White "Domanski, Lukasz"]
[Black "Chmiel, Piotr"]
[Result "1-0"]
[WhiteElo "1975"]
[BlackElo "1914"]
[PlyCount "49"]
[EventDate "2016.02.01"]
[EventType "swiss"]
[EventRounds "10"]
[EventCountry "POL"]
[SourceTitle "CBM 170 Extra"]
[Source "ChessBase"]
[SourceDate "2016.02.25"]
[SourceVersion "1"]
[SourceVersionDate "2016.02.25"]
[SourceQuality "1"]

1. e4 e5 2. Nf3 Nc6 3. Bc4 Bc5 4. c3 Nf6 5. d3 d6 6. Bb3 Bg4 7. Nbd2 0-0 8. h3 Bh5 9. Nf1 d5 10. Qe2 dxe4 11. dxe4 Bg6 12. Ng3 a6 13. 0-0 Nh5 14. Nxh5 Bxh5 15. Be3 Bxe3 16. Qxe3 Qe7 17. Rad1 Na5 18. Rd5 Bxf3 19. Rxa5 Bh5 20. Qc5 Qxc5 21. Rxc5 c6 22. Rxe5 Be2 23. Re1 Bd3 24. Re3 Bb1 25. Re7 1-0

[Event "POL-chT 2nd League"]
[Site "Szczyrk"]
[Date "2014.09.10"]
[Round "5.83"]
[White "Chmiel, Piotr"]
[Black "Chylewski, Patryk"]
[Result "1/2-1/2"]
[WhiteElo "1932"]
[BlackElo "1965"]
[PlyCount "171"]
[EventDate "2014.09.06"]
[EventType "team-swiss"]
[EventRounds "9"]
[EventCountry "POL"]
[SourceTitle "EXT 2015"]
[Source "ChessBase"]
[SourceDate "2014.11.20"]
[SourceVersion "1"]
[SourceVersionDate "2014.11.20"]
[SourceQuality "1"]
[WhiteTeam "Chroscice LZS Victoria"]
[BlackTeam "Chylice KS Laura"]
[WhiteTeamCountry "POL"]
[BlackTeamCountry "POL"]

1. e4 c5 2. Nf3 d6 3. d4 cxd4 4. Nxd4 Nf6 5. Nc3 a6 6. Be2 e6 7. Be3 Qc7 8. f4 Be7 9. 0-0 Nbd7 10. Bf3 0-0 11. Qe1 Nb6 12. Rd1 Bd7 13. Kh1 Rac8 14. Qf2 Nc4 15. Bc1 b5 16. b3 Na5 17. Bd2 b4 18. Na4 Bxa4 19. bxa4 Rb8 20. Rfe1 Nc4 21. e5 Ne8 22. Nc6 Rb6 23. Nxe7+ Qxe7 24. Be2 Rc6 25. Bxb4 a5 26. Bf3 Rc8 27. exd6 Nexd6 28. Bc3 Qc7 29. Ba1 Rfd8 30. Rd3 Nf5 31. g4 Ne7 32. Rd4 Nd5 33. f5 Nf4 34. Red1 e5 35. Rxd8+ Rxd8 36. Rxd8+ Qxd8 37. Bc3 e4 38. Be2 Nxe2 39. Qxe2 Qd5 40. Kg2 h6 41. Kg3 Qd6+ 42. Kg2 Qc6 43. f6 gxf6 44. h4 Qe6 45. g5 fxg5 46. hxg5 hxg5 47. Qh5 Ne3+ 48. Kh1 Kf8 49. Bxa5 Qf6 50. Qe2 Qf4 51. Be1 Nf1 52. Qf2 Qxf2 53. Bxf2 e3 54. Kg2 e2 55. Kf3 Nd2+ 56. Kxe2 Nc4 57. Kd3 Na5 58. Bb6 Nc6 59. a5 f5 60. c3 Ne5+ 61. Ke2 Nd7 62. Bd8 Nb8 63. Bxg5 Ke8 64. Kd3 Kd7 65. Bf4 Na6 66. Kd4 Kc6 67. c4 Nb4 68. Kc3 Na6 69. Be3 Nb8 70. Bd4 Na6 71. a3 Nb8 72. Kd3 Kb7 73. Ke3 Nc6 74. Bc3 Ne7 75. Kf4 Nc8 76. Bb4 Na7 77. Kxf5 Nc6 78. Ke4 Nb8 79. Kd5 Na6 80. Bd6 Ka8 81. Kc6 Ka7 82. Be5 Ka8 83. Kb6 Nb4 84. Bc3 Nd3 85. Bd4 Ne5 86. Bxe5 1/2-1/2

[Event "Tarnowskie Gory Piasta Memorial 8th"]
[Site "Tarnowskie Gory"]
[Date "2010.07.31"]
[Round "2"]
[White "Chmiel, Piotr"]
[Black "Niedbala, Tomasz"]
[Result "1-0"]
[WhiteElo "1944"]
[BlackElo "1693"]
[PlyCount "115"]
[EventDate "2010.07.31"]
[EventType "swiss"]
[EventRounds "10"]
[EventCountry "POL"]
[SourceTitle "EXT 2011"]
[Source "ChessBase"]
[SourceDate "2010.11.26"]
[SourceVersion "1"]
[SourceVersionDate "2010.11.26"]
[SourceQuality "1"]

1. e4 c6 2. d4 d5 3. exd5 cxd5 4. c4 e6 5. Nc3 Nf6 6. Nf3 Nc6 7. Bd3 Bb4 8. 0-0 Bxc3 9. bxc3 h6 10. Ba3 Ne7 11. cxd5 Nfxd5 12. Bb5+ Bd7 13. Bxd7+ Qxd7 14. Ne5 Qc7 15. Qa4+ Nc6 16. c4 Nb6 17. Qb5 0-0-0 18. Nxc6 Qxc6 19. Qa5 Qa4 20. Qxa4 Nxa4 21. Rfd1 Nc3 22. Rd2 Ne4 23. Rd3 Rd7 24. Rad1 Rhd8 25. f3 Nf6 26. g4 g5 27. Kf2 h5 28. h3 hxg4 29. hxg4 e5 30. d5 e4 31. fxe4 Nxg4+ 32. Kg3 Ne5 33. Rb3 Rh8 34. Bb2 f6 35. Rf1 Rdh7 36. Bxe5 fxe5 37. Rf5 Rh3+ 38. Kg4 R3h4+ 39. Kxg5 Rxe4 40. Rf7 Rg8+ 41. Kf6 Rf4+ 42. Ke7 Rxf7+ 43. Kxf7 Rd8 44. a4 b6 45. Re3 Kc7 46. Rxe5 Kd6 47. Re6+ Kc5 48. Rc6+ Kb4 49. Ke7 Rh8 50. d6 Kxa4 51. d7 b5 52. Ra6+ Kb4 53. cxb5 Kxb5 54. Rf6 Rb8 55. Rf1 Kc6 56. Rc1+ Kd5 57. d8R+ Rxd8 58. Kxd8 1-0

[Event "Siemianowice op"]
[Site "Siemianowice"]
[Date "2008.12.14"]
[Round "9.4"]
[White "Chmiel, Piotr"]
[Black "Galyga, Jozef"]
[Result "0-1"]
[WhiteElo "1983"]
[BlackElo "1926"]
[PlyCount "70"]
[EventDate "2008.12.08"]
[EventType "swiss"]
[EventRounds "9"]
[EventCountry "POL"]
[SourceTitle "EXT 2023"]
[Source "ChessBase"]
[SourceDate "2022.10.05"]
[SourceVersion "1"]
[SourceVersionDate "2022.10.05"]
[SourceQuality "1"]

1. e4 e6 2. d4 d5 3. exd5 exd5 4. c4 Nf6 5. Nc3 Be7 6. Nf3 0-0 7. Be2 dxc4 8. 0-0 Nbd7 9. Bxc4 Nb6 10. Be2 c6 11. Re1 Bg4 12. Bf4 Nbd5 13. Bg3 Re8 14. Qb3 Qb6 15. Qc2 Bxf3 16. Bxf3 Qxd4 17. Nxd5 cxd5 18. Be5 Qb6 19. Rad1 Rac8 20. Qf5 Rcd8 21. g4 Ne4 22. Bd4 Qc6 23. Bxe4 dxe4 24. Qxe4 Qxe4 25. Rxe4 Bf6 26. Rxe8+ Rxe8 27. Bxf6 gxf6 28. Rd7 Re4 29. Rxb7 Rxg4+ 30. Kf1 Rh4 31. a3 Kg7 32. Ke2 Kg6 33. Rb3 h5 34. Rg3+ Kf5 35. b4 Rxh2 0-1

[Event "Siemianowice op"]
[Site "Siemianowice"]
[Date "2008.12.12"]
[Round "5.5"]
[White "Chmiel, Piotr"]
[Black "Rosicki, Marcin"]
[Result "1-0"]
[WhiteElo "1983"]
[BlackElo "1503"]
[PlyCount "30"]
[EventDate "2008.12.08"]
[EventType "swiss"]
[EventRounds "9"]
[EventCountry "POL"]
[SourceTitle "EXT 2023"]
[Source "ChessBase"]
[SourceDate "2022.10.05"]
[SourceVersion "1"]
[SourceVersionDate "2022.10.05"]
[SourceQuality "1"]

1. e4 c5 2. Nf3 e6 3. d4 cxd4 4. Nxd4 Nc6 5. Nc3 a6 6. Be3 Nf6 7. Bd3 Bb4 8. 0-0 0-0 9. Nxc6 bxc6 10. e5 Bxc3 11. bxc3 Nd5 12. Bc5 Re8 13. c4 Nf4 14. Be4 d5 15. exd6 Bd7 1-0

[Event "Chorzow Bak Memorial op"]
[Site "Chorzow"]
[Date "2008.11.18"]
[Round "5"]
[White "Chmiel, Piotr"]
[Black "Tchorzewski, Kazimierz"]
[Result "1/2-1/2"]
[WhiteElo "1983"]
[BlackElo "1858"]
[PlyCount "42"]
[EventDate "2008.11.15"]
[EventType "swiss"]
[EventRounds "9"]
[EventCountry "POL"]
[SourceTitle "EXT 2010"]
[Source "ChessBase"]
[SourceDate "2010.11.25"]
[SourceVersion "1"]
[SourceVersionDate "2010.11.25"]
[SourceQuality "1"]

1. e4 c5 2. Nf3 Nc6 3. Bb5 Qb6 4. Nc3 Nd4 5. Nxd4 cxd4 6. Nd5 Qd8 7. 0-0 e6 8. Qg4 a6 9. Ba4 b5 10. Bb3 d6 11. Nf4 e5 12. Qh5 g6 13. Bxf7+ Kxf7 14. Nxg6 hxg6 15. Qxh8 Bg7 16. Qh7 d3 17. f4 Nf6 18. fxe5 dxe5 19. h3 Qd4+ 20. Kh2 Qxe4 21. cxd3 Qd4 1/2-1/2

[Event "POL-ch Seniors"]
[Site "Swietochlowice"]
[Date "2008.10.05"]
[Round "7.9"]
[White "Chmiel, Piotr"]
[Black "Rzepka, Maciej"]
[Result "1-0"]
[WhiteElo "1983"]
[BlackElo "1760"]
[PlyCount "67"]
[EventDate "2008.09.30"]
[EventType "swiss"]
[EventRounds "9"]
[EventCountry "POL"]
[SourceTitle "EXT 2023"]
[Source "ChessBase"]
[SourceDate "2022.10.05"]
[SourceVersion "1"]
[SourceVersionDate "2022.10.05"]
[SourceQuality "1"]

1. e4 e5 2. Nf3 Nc6 3. Bc4 Bc5 4. 0-0 Nf6 5. c3 d6 6. d4 Bb6 7. d5 Ne7 8. Qe2 h6 9. b4 Ng6 10. a4 a5 11. h3 Bd7 12. Bb3 Nh5 13. Kh2 Nhf4 14. Bxf4 Nxf4 15. Qd1 Qc8 16. Ng1 g5 17. Nd2 g4 18. g3 Nxh3 19. Nxh3 gxh3 20. Qh5 Qd8 21. Nc4 Qg5 22. Bd1 Ke7 23. f4 exf4 24. Rxf4 Qg6 25. e5 Rhg8 26. exd6+ Kd8 27. Qh4+ Kc8 28. Rf6 Qd3 29. dxc7 Bxc7 30. d6 Bd8 31. Qf4 Qxc3 32. Nb6+ Bxb6 33. Rc1 Qxc1 34. Qxc1+ 1-0

[Event "Tarnowskie Gory Piasta Memorial 6th"]
[Site "Tarnowskie Gory"]
[Date "2008.08.02"]
[Round "10.2"]
[White "Chmiel, Piotr"]
[Black "Sroka, Janusz"]
[Result "0-1"]
[WhiteElo "1984"]
[BlackElo "2156"]
[PlyCount "60"]
[EventDate "2008.07.26"]
[EventType "swiss"]
[EventRounds "10"]
[EventCountry "POL"]
[SourceTitle "EXT 2023"]
[Source "ChessBase"]
[SourceDate "2022.10.05"]
[SourceVersion "1"]
[SourceVersionDate "2022.10.05"]
[SourceQuality "1"]

1. e4 d6 2. d4 Nf6 3. Nc3 c6 4. Nf3 Bg4 5. Be2 Nbd7 6. 0-0 e5 7. Bg5 Be7 8. Qd2 Qc7 9. Rad1 Bxf3 10. Bxf3 0-0 11. g3 b5 12. d5 b4 13. Na4 cxd5 14. exd5 Rfc8 15. Rc1 Qa5 16. b3 Nc5 17. Bxf6 Bxf6 18. a3 Nxa4 19. axb4 Qd8 20. bxa4 Bg5 21. Qd3 Bxc1 22. Rxc1 Qg5 23. Qe3 Qxe3 24. fxe3 Rc4 25. Be2 Rxb4 26. Bb5 a6 27. Bd3 e4 28. Bf1 Rxa4 29. Rb1 a5 30. Rb6 Rd8 0-1

[Event "Tarnowskie Gory Piasta Memorial 6th"]
[Site "Tarnowskie Gory"]
[Date "2008.07.29"]
[Round "6.3"]
[White "Nowak, Dominika"]
[Black "Chmiel, Piotr"]
[Result "1/2-1/2"]
[WhiteElo "2204"]
[BlackElo "1984"]
[PlyCount "28"]
[EventDate "2008.07.26"]
[EventType "swiss"]
[EventRounds "10"]
[EventCountry "POL"]
[SourceTitle "EXT 2023"]
[Source "ChessBase"]
[SourceDate "2022.10.05"]
[SourceVersion "1"]
[SourceVersionDate "2022.10.05"]
[SourceQuality "1"]

1. e4 e5 2. Nf3 Nc6 3. Nc3 Nf6 4. d4 exd4 5. Nxd4 Nxd4 6. Qxd4 d6 7. Bc4 Be7 8. Bd2 0-0 9. f3 c5 10. Qd3 Be6 11. Bd5 Bxd5 12. Nxd5 Nxd5 13. Qxd5 Qc7 14. 0-0-0 b5 1/2-1/2

[Event "Tarnowskie Gory Piasta Memorial 6th"]
[Site "Tarnowskie Gory"]
[Date "2008.07.26"]
[Round "2.6"]
[White "Banasik, Henryk"]
[Black "Chmiel, Piotr"]
[Result "0-1"]
[WhiteElo "2148"]
[BlackElo "1984"]
[PlyCount "146"]
[EventDate "2008.07.26"]
[EventType "swiss"]
[EventRounds "10"]
[EventCountry "POL"]
[SourceTitle "EXT 2023"]
[Source "ChessBase"]
[SourceDate "2022.10.05"]
[SourceVersion "1"]
[SourceVersionDate "2022.10.05"]
[SourceQuality "1"]

1. e4 e5 2. Nf3 Nc6 3. Bb5 a6 4. Ba4 Nf6 5. d4 b5 6. Bb3 exd4 7. 0-0 Be7 8. Re1 0-0 9. e5 Ne8 10. c3 d5 11. Nxd4 Nxd4 12. cxd4 Bf5 13. Nc3 c6 14. Be3 Qd7 15. Ne2 f6 16. Rc1 Kh8 17. Ng3 Bg6 18. f4 fxe5 19. fxe5 Bh4 20. Rf1 Nc7 21. Bc2 Bxg3 22. hxg3 Rxf1+ 23. Qxf1 Ne6 24. Bxg6 hxg6 25. Qd3 Kh7 26. Rf1 Rf8 27. Rf3 Rxf3 28. gxf3 Qf7 29. Kf2 Kg8 30. Ke2 g5 31. Qc2 Qd7 32. b4 Qc7 33. Qf5 Qf7 34. Qc2 Qc7 35. Qc1 a5 36. Qa3 axb4 37. Qxb4 Kf7 38. Qb1 g6 39. f4 gxf4 40. gxf4 Ng7 41. Qh1 Qd7 42. Qh4 Qf5 43. Kd2 Ne6 44. Kc3 Ke8 45. Qh8+ Qf8 46. Qxf8+ Kxf8 47. Kb4 Ke7 48. a4 bxa4 49. Kxa4 Kd7 50. Ka5 Kc7 51. Ka6 c5 52. dxc5 Kc6 53. Ka5 d4 54. Bd2 Kxc5 55. Bc1 Kc4 56. Kb6 Kb3 57. Kc6 Kc2 58. Kd5 Kxc1 59. Kxe6 d3 60. Kf6 d2 61. Kxg6 d1Q 62. f5 Qg4+ 63. Kf6 Qd4 64. Ke6 Qb6+ 65. Kf7 Qc7+ 66. Kf6 Qd8+ 67. Kf7 Qd7+ 68. Kf6 Kd2 69. e6 Qe8 70. e7 Ke3 71. Ke6 Qc8+ 72. Kf6 Kf4 73. Kg7 Kxf5 0-1

[Event "Pszczyna op 4th"]
[Site "Pszczyna"]
[Date "2008.07.18"]
[Round "6"]
[White "Karcz, Bartlomiej"]
[Black "Chmiel, Piotr"]
[Result "1-0"]
[WhiteElo "1856"]
[BlackElo "1984"]
[PlyCount "145"]
[EventDate "2008.07.15"]
[EventType "swiss"]
[EventRounds "9"]
[EventCountry "POL"]
[SourceTitle "CBM 125 Extra"]
[Source "ChessBase"]
[SourceDate "2008.09.01"]
[SourceVersion "1"]
[SourceVersionDate "2008.09.01"]
[SourceQuality "1"]

1. e4 e5 2. Nf3 Nc6 3. Bc4 Bc5 4. c3 d6 5. d4 exd4 6. cxd4 Bb6 7. Nc3 Bg4 8. Be3 Nf6 9. Bb5 0-0 10. h3 Bh5 11. Qd2 Qe7 12. d5 Ne5 13. Nxe5 dxe5 14. f3 Rfd8 15. g4 Bg6 16. h4 h5 17. gxh5 Bxe3 18. Qxe3 Nxh5 19. 0-0-0 a6 20. Bd3 b5 21. Ne2 c6 22. f4 exf4 23. Nxf4 cxd5 24. Nxg6 fxg6 25. e5 Re8 26. Bxg6 Qxe5 27. Qb3 Rec8+ 28. Kb1 Nf4 29. Rhe1 Qf6 30. Be4 Rc4 31. Bxd5+ Nxd5 32. Rxd5 Qxh4 33. Rdd1 Rac8 34. Qe3 Qg4 35. Qe5 Qg6+ 36. Ka1 R4c5 37. Qe7 Qf6 38. Qd7 Qc6 39. Qd2 Rc2 40. Qg5 Rf2 41. Rg1 Qf6 42. Qd5+ Qf7 43. Qg5 Rf8 44. a3 Rf5 45. Qh4 Qf6 46. Qh3 Rf3 47. Qh5 Rxa3+ 48. Kb1 Rf3 49. Qd5+ Qf7 50. Rxg7+ Kxg7 51. Rg1+ Qg6+ 52. Rxg6+ Kxg6 53. Qe6+ R3f6 54. Qg4+ Kh7 55. Qh4+ Kg7 56. Qg4+ Rg6 57. Qd7+ Rf7 58. Qd4+ Rgf6 59. Qg4+ Rg6 60. Qd4+ Rff6 61. Qd7+ Kh6 62. Qh3+ Kg5 63. Qg3+ Kf5 64. Qf3+ Ke5 65. Qe3+ Kd5 66. Qd3+ Kc6 67. Qe4+ Kb6 68. Qd4+ Ka5 69. Qd8+ Rb6 70. Ka2 Rgd6 71. Qc7 Rdc6 72. Qd8 Rc4 73. Qd2+ 1-0

[Event "Pszczyna op 4th"]
[Site "Pszczyna"]
[Date "2008.07.15"]
[Round "2"]
[White "Widera, Jan"]
[Black "Chmiel, Piotr"]
[Result "1-0"]
[WhiteElo "2119"]
[BlackElo "1984"]
[PlyCount "75"]
[EventDate "2008.07.15"]
[EventType "swiss"]
[EventRounds "9"]
[EventCountry "POL"]
[SourceTitle "CBM 125 Extra"]
[Source "ChessBase"]
[SourceDate "2008.09.01"]
[SourceVersion "1"]
[SourceVersionDate "2008.09.01"]
[SourceQuality "1"]

1. e4 e5 2. Nf3 Nc6 3. d4 exd4 4. Bc4 Be7 5. Nxd4 d6 6. 0-0 Ne5 7. Be2 c5 8. Nb3 Bd7 9. f4 Nc6 10. Nc3 Nf6 11. Be3 0-0 12. Bf2 a6 13. a4 Be6 14. Bf3 Qc7 15. Nd5 Bxd5 16. exd5 Na5 17. Nxa5 Qxa5 18. c3 Rfe8 19. g4 Nd7 20. g5 f6 21. h4 fxg5 22. hxg5 c4 23. Qd4 b5 24. Bh5 g6 25. Bg4 Nc5 26. Be6+ Nxe6 27. dxe6 Rf8 28. Qd5 Qd8 29. axb5 Rxf4 30. Be3 Rg4+ 31. Kh2 h6 32. gxh6 Rh4+ 33. Kg2 g5 34. Rf7 Rxh6 35. Rxe7 Qxe7 36. Qxa8+ Kh7 37. Qe4+ Kg8 38. Rxa6 1-0

[Event "POL-chT4 Slaskie"]
[Site "Poland"]
[Date "2008.04.13"]
[Round "5.8"]
[White "Chmiel, Piotr"]
[Black "Tobolski, Jakub"]
[Result "1-0"]
[WhiteElo "1963"]
[BlackElo "2006"]
[PlyCount "65"]
[EventDate "2008.02.10"]
[EventType "team-swiss"]
[EventRounds "9"]
[EventCountry "POL"]
[SourceTitle "EXT 2019"]
[Source "ChessBase"]
[SourceDate "2018.10.10"]
[SourceVersion "1"]
[SourceVersionDate "2018.10.10"]
[SourceQuality "1"]

1. e4 e5 2. Nf3 Nc6 3. Bc4 Nf6 4. Ng5 d5 5. exd5 Na5 6. Bb5+ c6 7. dxc6 bxc6 8. Be2 h6 9. Nh3 Bc5 10. d3 g5 11. Nc3 g4 12. Ng1 Rg8 13. Kf1 Bf5 14. h3 gxh3 15. Nxh3 Qd7 16. Ng5 Nd5 17. Nge4 Be7 18. Qe1 Nb7 19. a3 Nd8 20. Bf3 Ne6 21. Nxd5 cxd5 22. Ng3 e4 23. Nxf5 exf3 24. g3 Bf6 25. c3 Kd8 26. Qd1 Nc5 27. Qxf3 Nb3 28. Rb1 Nxc1 29. Rxc1 Bg5 30. Rc2 Rg6 31. Ne3 Bxe3 32. Qxe3 Qe8 33. Qd4 1-0